Opitá loď a iné básne

Bibliographic Details
Main Author: Rimbaud, Arthur, 1854-1891 (Author)
Other Authors: Feldek, Ľubomír, 1936- (Compiler, Translator, Author of afterword, colophon, etc.), Dudáš, Vladimír, 1935-2011 (Translator), Hlbina, Pavol G., 1908-1977 (Translator), Žáry, Štefan, 1918-2007 (Translator), Reisel, Vladimír, 1919-2007 (Translator), Stacho, Ján, 1936-1995 (Translator), Mojík, Ivan, 1928-2007 (Translator), Mihalkovič, Jozef, 1935-2025 (Translator), Brunovský, Albín, 1935-1997 (Illustrator)
Format: Book
Language:Slovak
French
PhysicalDescription:171 strán fotografie, ilustrácie 21 cm
Published: Bratislava Slovenský spisovateľ 1981
Edition:1. vyd.
Series:Kruh milovníkov poézie
Subjects:

MARC

LEADER 00000cam a2200000 a 4500
001 vtls001097114
003 SK-MaSNL
005 20260301153414.0
008 240226s1981 xo gr 000 pdslo
015 |a SNBA1982/02 
020 |q (viazané) 
035 |a SNK000039956 
035 |a E5630A6C-D4CD-4F6B-876B-801DFAD2D4F0 
035 |a urn:nbn:sk:snk-am00igbl 
040 |a SNK  |b slo  |c SNK  |e AACR2 
041 1 |a slo  |h fre 
044 |a xo  |c SK 
072 7 |a 821.133.1-1  |x Francúzska poézia, francúzsky písaná  |2 konspekt 
080 |a 840-1  |2 1981 
080 |a 840-3  |2 1981 
080 |a 821.133.1-1  |2 2011 
080 |a (082.21)  |2 2011 
100 1 |a Rimbaud, Arthur,  |d 1854-1891  |4 aut  |9 132053 
245 1 0 |a Opitá loď a iné básne  |c Jean Arthur Rimbaud ; výber zostavil, doslov a edičnú poznámku napísal Ľubomír Feldek ; ilustrácie Albín Brunovský ; prekladatelia Vladimír Dudáš, Ľubomír Feldek .. [et al.] 
250 |a 1. vyd. 
260 |a Bratislava  |b Slovenský spisovateľ  |c 1981  |e Martin  |f Tlačiarne SNP 
300 |a 171 strán  |b fotografie, ilustrácie  |c 21 cm 
366 |e 4000 výtl. 
490 1 |a Kruh milovníkov poézie  |v zv. 118 
500 |a Biografické údaje o autorovi. Edičná poznámka. Ilustrácia na frontispice a predsádkach. Preložené z francúzskych originálov 
655 7 |a francúzska poézia  |2 SNKPH  |9 70610 
655 7 |a výbery  |2 SNKPH  |9 67620 
700 1 |a Feldek, Ľubomír,  |d 1936-  |4 com  |4 trl  |4 aft  |9 89477 
700 1 |a Dudáš, Vladimír,  |d 1935-2011  |4 trl  |9 52381 
700 1 |a Hlbina, Pavol G.,  |d 1908-1977  |4 trl  |9 38065 
700 1 |a Žáry, Štefan,  |d 1918-2007  |4 trl  |9 105418 
700 1 |a Reisel, Vladimír,  |d 1919-2007  |4 trl  |9 108091 
700 1 |a Stacho, Ján,  |d 1936-1995  |4 trl  |9 220996 
700 1 |a Mojík, Ivan,  |d 1928-2007  |4 trl  |9 13383 
700 1 |a Mihalkovič, Jozef,  |d 1935-2025  |4 trl  |9 99378 
700 1 |a Brunovský, Albín,  |d 1935-1997  |4 ill  |9 194164 
700 1 2 |a Rimbaud, Arthur,  |d 1854-1891  |t Poésies  |l Slovensky  |9 514947 
700 1 2 |a Rimbaud, Arthur,  |d 1854-1891  |t Derniers vers  |l Slovensky  |9 514948 
700 1 2 |a Rimbaud, Arthur,  |d 1854-1891  |t Une saison en enfer  |l Slovensky  |9 514949 
700 1 2 |a Rimbaud, Arthur,  |d 1854-1891  |t Illuminations  |l Slovensky  |9 514950 
830 0 |a Kruh milovníkov poézie  |9 276962 
852 |a Slovenská národná knižnica 
954 |a beletria cudzojazyčná (svetová)  |2 lita 
958 |a LX 
958 |a NB 
958 |a TL 
958 |a UP 
958 |a OND 
958 |a EUIPO 
968 |b FR 
999 |c 792839  |d 794769 
952 |t P60, <05>, [BOOK], {605}  |a SNK  |b SNK  |y VYP  |7 0  |p 17A0026795  |o snkSC 54371 D1  |0 0  |1 0  |4 0  |d 1996-12-18  |l 0  |r 2004-12-31 00:00:00  |w 2026-02-24 
952 |a SNK  |b SNK  |y PREZ  |7 0  |p 17A0865521  |o snkSC 54371  |i snkKSP 237/82  |0 0  |1 0  |4 0  |d 2012-08-06  |f 1  |l 0  |r 2025-11-07 00:00:00  |w 2026-02-24